000 00635nam a22001697a 4500
003 OSt
005 20260319100851.0
008 260319b |||||||| |||| 00| 0 eng d
040 _cMRSPTU
041 _aEnglish
100 _aGuneet Gupta, Supervisor: Dr. Amit Bhatia
245 _a Development and Evaluation of Clobetasol Propionate Loaded Carbopol Get Incorporated with Different Penetration Enhancers for Topical Application
260 _bDepartment of Pharmacy, MRSPTU, Bathinda
_c2025
650 _aPharmaceutical Sciences and Technology
856 _uhttp://163.47.215.52:8080/jspui/handle/123456789/952
942 _2ddc
_cTH
_n0
999 _c11192
_d11192